000 00787nam a2200253Ia 4500
003 OSt
005 20220930194610.0
006 a|||||r|||| 00| 0
007 ta
008 220926b |||||||| |||| 00| 0 eng d
024 _a12966
037 _cDissertations
040 _aCRL
_cCRL
_beng
041 _2eng
_aeng
100 _aTrehan R
_9563390
110 _aUniversity of Delhi. Faculty of Medical Sciences. Department of Medicine
245 0 _aClinical hormonal and spirometric study of nocturnal asthma
260 _c1990
650 _aMEDICINE
700 _a Dr S K Dham Supervisor
_9520309
700 _aUniversity of Delhi. Faculty of Medical Sciences. Department of Medicine
942 _cDIS
_2CC
999 _c897903
_d897903